000 nam a22 7a 4500
999 _c9053
_d9053
008 180122b ||||| |||| 00| 0 eng d
100 _aKazanskaya
_95341
245 _aCalculation of chemical Equilibria
260 _aMoscow
_c1978